000 00685nam a2200241Ia 4500
003 OSt
005 20220918203708.0
006 a|||||r|||| 00| 0
007 ta
008 220917b |||||||| |||| 00| 0 eng d
024 _a109,503
037 _cTextual
040 _aARTS
_cARTS
_beng
041 _2eng
_aeng
082 _aV41.N2, G1
100 _aKotenlv Anatol M
_9109518
245 0 _aNew lamps for old
_b an interpretation of events in modern China and whither they lead
260 _aShanghai
_bDeuly News and Herald
_c1931
300 _a371p.
_ccm.
650 _aHISTORY
942 _hV41.N2, G1
_cTEXL
_2CC
999 _c232853
_d232853